LEADER 01135nam a2200337 i 4500 001 991000934609707536 005 20020507180128.0 008 961202s1976 de ||| | eng 020 $a3540080007 035 $ab10777854-39ule_inst 035 $aLE01304532$9ExL 040 $aDip.to Matematica$beng 082 0 $a512.74 084 $aAMS 11-02 084 $aAMS 11R11 084 $aAMS 11R16 100 1 $aIshida, Makoto$0441256 245 14$aThe genus fields of algebraic number fields /$cIhida Makoto 260 $aBerlin :$bSpringer-Verlag,$c1976 300 $av, 115 p. ;$c24 cm 490 0 $aLecture notes in mathematics,$x0075-8434 ;$v555 500 $aBibliography: p. [100]-102 500 $aIncludes index 650 0$aAlgebraic fields 650 0$aClass field theory 907 $a.b10777854$b23-02-17$c28-06-02 912 $a991000934609707536 945 $aLE013 11-XX ISH11 (1976)$g1$i2013000066141$lle013$o-$pE0.00$q-$rl$s- $t0$u0$v0$w0$x0$y.i10876923$z28-06-02 996 $aGenus fields of algebraic number fields$980837 997 $aUNISALENTO 998 $ale013$b01-01-96$cm$da $e-$feng$gde $h4$i1 LEADER 01357nam 2200409 450 001 9910794957903321 005 20230807203032.0 010 $a3-7369-8085-X 035 $a(CKB)4340000000197762 035 $a(MiAaPQ)EBC5019790 035 $a(EXLCZ)994340000000197762 100 $a20170928h20152015 uy 0 101 0 $aeng 135 $aurcnu|||||||| 181 $2rdacontent 182 $2rdamedia 183 $2rdacarrier 200 10$aDevelopment of functionalized derivatives for the application in a novel bioorthogonal ligation strategy and for the design of IHF mimicking peptides /$fCornelia Hannah Panse 205 $a1. Auflage. 210 1$aGo?ttingen, [Germany] :$cCuvillier Verlag,$d2015. 210 4$dİ2015 215 $a1 online resource (281 pages) 311 $a3-7369-9085-5 320 $aIncludes bibliographical references. 606 $aProteins 606 $aProtein folding 615 0$aProteins. 615 0$aProtein folding. 676 $a547.75 700 $aPanse$b Cornelia Hannah$01576326 801 0$bMiAaPQ 801 1$bMiAaPQ 801 2$bMiAaPQ 906 $aBOOK 912 $a9910794957903321 996 $aDevelopment of functionalized derivatives for the application in a novel bioorthogonal ligation strategy and for the design of IHF mimicking peptides$93854011 997 $aUNINA